Els Espais familiars de petita infància : guia d'avaluació / autores: Silvia Font-Mayolas, Montserrat Planes i Ma Eugènia Gras guia d'avaluació / autores:
ISBN:
978-84-9803-404-2
Descripción Física:
43 p. ; 29 cm
Colección:
Documents de treball. Benestar Social ; 10
MARC
| LEADER | 00000nam a2200000Ia 4500 | ||
|---|---|---|---|
| 001 | 23087 | ||
| 008 | 160829s2010 xx 000 0 cat d | ||
| 020 | |a 978-84-9803-404-2 | ||
| 080 | |a FU-58-28 | ||
| 100 | |a Font-Mayolas, Sílvia |9 41447 | ||
| 245 | |a Els Espais familiars de petita infància : |b guia d'avaluació / autores: |b Silvia Font-Mayolas, Montserrat Planes i Ma Eugènia Gras | ||
| 260 | |a Barcelona : |b Diputació de Barcelona. Àrea de Benestar Social, |c 2010 | ||
| 300 | |a 43 p. ; |c 29 cm | ||
| 490 | |a Documents de treball. Benestar Social ; 10 | ||
| 590 | |a Bibliografia | ||
| 650 | 0 | |a Infants |x Assistència institucional |x Barcelona (Catalunya : Província) |9 24657 | |
| 650 | |a Infants |x Serveis socials |x Barcelona (Província) |9 37939 | ||
| 700 | |a Planes, Montserrat |9 41448 | ||
| 700 | |a Gras, Ma Eugènia |9 41449 | ||
| 710 | 1 | |a Barcelona (Catalunya : Província). |b Àrea de Benestar Social |9 52988 | |
| 901 | |a Arxiu | ||
| 942 | |n 1 | ||
| 952 | |0 0 |1 0 |4 0 |6 FU5828 |7 1 |9 50211 |a Arxiu |b Arxiu |d 2016-12-01 |l 0 |o FU-58-28 |p 23087 |r 2016-12-01 00:00:00 |w 2016-12-01 |y ARXIU | ||
| 999 | |c 54053 |d 54053 | ||